=LDR 00000nam 2200000 4500 =001 NUTBA000000000001633 =005 20140630155450.0 =006 =007 =008 =020 ##$$a 978-979-1477-61 1 =035 ##$$a 0010-051400000000098 =040 ##$$a Ind =082 ##$$a 738.3 =090 ##$$a 738.3$bSch k =100 ##$$a Schubert, wisai frans =245 ##$$a Kreasi unik dari clay untuk pemula$cWisai frans schubert =250 ##$$a Cet.1 =260 ##$$a Jakarta$bKriya pustaka$c2009. =300 ##$$a Iv,75 HLm$bIlus$c23 cm. =850 ##$$a NBPNMAT =990 ##$$a 21105287 =990 ##$$a 21196286/BPAP-NTB/2014